| 000 | 00837nam a2200193 i 4500 | ||
|---|---|---|---|
| 001 | 124964 | ||
| 003 | ES-MaACL | ||
| 005 | 20230906192528.0 | ||
| 007 | t| | ||
| 008 | 070425s1936 sp ||||1| spa d | ||
| 110 | 2 |
_aComisión Asesora Nacional Patronal y Obrera (España) _93007 |
|
| 245 | 1 | 0 |
_aLabor del Pleno (3-4 de diciembre de 1935) _b: resumen de las sesiones celebradas, acuerdos, documentación anexa / _cComisión Asesora Nacional Patronal y Obrera. |
| 260 |
_aMadrid : _b[s.n.], _c1936 ( _fImprenta y Encuadernación de los Sobrinos de la Sucesora de M. Minuesa de los Ríos) |
||
| 300 |
_a151 p. ; _c23 cm. |
||
| 490 | 1 |
_aPublicaciones del Instituto Nacional de Previsión ; _v481 |
|
| 830 | 0 |
_aPublicaciones del Instituto Nacional de Previsión ; _v481 _9181151 |
|
| 852 |
_aES-MaACL _jC-12633(5) |
||
| 999 |
_c124964 _d124964 |
||